Pays visitant la Serbie la plupart - Statistiques

Statistiques générales
  • Ce quiz a été pris 200 fois
  • Le résultat moyen est 12 sur 15
Statistiques - réponses
Visiteus Pays % Correct
74,025 Croatie
93%
44,079 Russie
92%
55,499 Gréce
88%
101,861 Bosnie-Herzégovine
87%
66,923 Roumanie
85%
80,130 Allemagne
82%
39,302 Hongrie
82%
72,171 Slovenie
82%
75,570 Bulgarie
80%
69,967 Montenegro
80%
53,197 Macedoine
77%
44,035 Italie
75%
90,128 Turquie
67%
54,408 Pologne
63%
92,230 Chine
47%
Aucun quiz correspondant
Distribution des résultats
% des personnes avec chaque résultat
Percentile par nombre de réponses
Votre historique - résultats
Vous n’avez pas pris ce quiz